|
|
|
|
| LEADER |
00000nam0a2200000 4500 |
| 001 |
300206 |
| 005 |
20231102001258.0 |
| 020 |
|
|
|a RU
|b 82-58985
|
| 035 |
|
|
|a (RuTPU)RU\TPU\book\325359
|
| 090 |
|
|
|a 300206
|
| 100 |
|
|
|a 20150708d1982 km y0rusy5003 ca
|
| 101 |
0 |
|
|a rus
|
| 102 |
|
|
|a RU
|
| 105 |
|
|
|a a z 001zy
|
| 200 |
1 |
|
|a Физика Солнца и звезд
|e межвузовский сборник
|f Уральский государственный университет им. А. М. Горького (УрГУ)
|
| 210 |
|
|
|a Свердловск
|c Изд-во УрГУ
|d 1982
|
| 215 |
|
|
|a 157 с.
|c ил.
|
| 320 |
|
|
|a Библиогр. в конце ст.
|
| 606 |
1 |
|
|a Солнце
|x Физика
|2 stltpush
|3 (RuTPU)RU\TPU\subj\66492
|9 82592
|
| 610 |
1 |
|
|a астрономия
|
| 610 |
1 |
|
|a звездная астрономия
|
| 610 |
1 |
|
|a звезды
|
| 610 |
1 |
|
|a гелиобиология
|
| 610 |
1 |
|
|a звездные скопления
|
| 610 |
1 |
|
|a динамика
|
| 610 |
1 |
|
|a переменные звезды
|
| 610 |
1 |
|
|a затмения
|
| 610 |
1 |
|
|a затменные системы
|
| 675 |
|
|
|a 523.9
|z rus
|v 3
|
| 712 |
0 |
2 |
|a Уральский государственный университет им. А. М. Горького (УрГУ)
|c (Свердловск/Екатеринбург)
|c (1945-2011)
|2 stltpush
|3 (RuTPU)RU\TPU\col\962
|
| 801 |
|
0 |
|a RU
|b RuMRKP
|c 19950704
|g psbo
|
| 801 |
|
1 |
|a RU
|b 63413507
|c 20150708
|
| 801 |
|
2 |
|a RU
|b 63413507
|c 20190213
|g RCR
|
| 942 |
|
|
|c BK
|